Library Banner

TNT The power within you : How to release the forces inside (Record no. 8643)

MARC details
000 -LEADER
fixed length control field 00482nam a2200181Ia 4500
001 - CONTROL NUMBER
control field 7186
008 - FIXED-LENGTH DATA ELEMENTS--GENERAL INFORMATION
fixed length control field 140321s9999 xx 000 0 und d
020 ## - INTERNATIONAL STANDARD BOOK NUMBER
International Standard Book Number 0-671-76546-9
040 ## - CATALOGING SOURCE
Transcribing agency PK-LaUMT
082 ## - DEWEY DECIMAL CLASSIFICATION NUMBER
Classification number 153.1
Item number BRI-P
100 ## - MAIN ENTRY--PERSONAL NAME
Personal name Bristol, Claude M.
245 ## - TITLE STATEMENT
Title TNT The power within you : How to release the forces inside
Statement of responsibility, etc Bristol, Claude M.<>Sherman, Harold, J.A.
260 ## - PUBLICATION, DISTRIBUTION, ETC. (IMPRINT)
Date of publication, distribution, etc 1992
300 ## - PHYSICAL DESCRIPTION
Extent 238 p.
546 ## - LANGUAGE NOTE
Language note EN
700 ## - ADDED ENTRY--PERSONAL NAME
Personal name Sherman, Harold, J.A.
942 ## - ADDED ENTRY ELEMENTS (KOHA)
Koha item type Books
Holdings
Withdrawn status Lost status Damaged status Not for loan Home library Current library Date acquired Total Checkouts Full call number Barcode Date last seen Price effective from Koha item type
        UMT Main Campus UMT Main Campus 2014-03-21   153.1 BRI-P 7901 2014-03-21 2014-03-21 Books